<?xml version="1.0" encoding="UTF-8"?>
<record
    xmlns:xsi="http://www.w3.org/2001/XMLSchema-instance"
    xsi:schemaLocation="http://www.loc.gov/MARC21/slim http://www.loc.gov/standards/marcxml/schema/MARC21slim.xsd"
    xmlns="http://www.loc.gov/MARC21/slim">

  <leader>01443nam0a2200385   4500</leader>
  <controlfield tag="001">RU\NLR\bibl\795363</controlfield>
  <controlfield tag="005">20260406112703.0</controlfield>
  <datafield tag="010" ind1=" " ind2=" ">
    <subfield code="a">5-8138-0647-4</subfield>
    <subfield code="b">&#x432; &#x43E;&#x431;&#x43B;.</subfield>
    <subfield code="9">15000</subfield>
  </datafield>
  <datafield tag="021" ind1=" " ind2=" ">
    <subfield code="a">RU</subfield>
    <subfield code="b">2005-425</subfield>
    <subfield code="9">22</subfield>
  </datafield>
  <datafield tag="035" ind1=" " ind2=" ">
    <subfield code="a">(NLR Aleph) 000784566</subfield>
  </datafield>
  <datafield tag="035" ind1=" " ind2=" ">
    <subfield code="a">RSL-KNO-002563023</subfield>
  </datafield>
  <datafield tag="090" ind1=" " ind2=" ">
    <subfield code="a">1083307</subfield>
    <subfield code="c">1083307</subfield>
  </datafield>
  <datafield tag="100" ind1=" " ind2=" ">
    <subfield code="a">20050131d2005    |||y0rusy50      ca</subfield>
  </datafield>
  <datafield tag="101" ind1="0" ind2=" ">
    <subfield code="a">rus</subfield>
  </datafield>
  <datafield tag="102" ind1=" " ind2=" ">
    <subfield code="a">RU</subfield>
  </datafield>
  <datafield tag="105" ind1=" " ind2=" ">
    <subfield code="a">a   |||||||||</subfield>
  </datafield>
  <datafield tag="106" ind1=" " ind2=" ">
    <subfield code="a">r</subfield>
  </datafield>
  <datafield tag="200" ind1="1" ind2=" ">
    <subfield code="a">&#x417;&#x435;&#x440;&#x43A;&#x430;&#x43B;&#x43E;</subfield>
    <subfield code="e">[&#x441;&#x442;&#x438;&#x445;&#x438; &#x438; &#x441;&#x43A;&#x430;&#x437;&#x43A;&#x430;</subfield>
    <subfield code="e">&#x434;&#x43B;&#x44F; &#x434;&#x43E;&#x448;&#x43A;. &#x438; &#x43C;&#x43B;. &#x448;&#x43A;. &#x432;&#x43E;&#x437;&#x440;&#x430;&#x441;&#x442;&#x430;]</subfield>
    <subfield code="f">&#x421;. &#x41C;&#x438;&#x445;&#x430;&#x43B;&#x43A;&#x43E;&#x432;</subfield>
    <subfield code="g">[&#x445;&#x443;&#x434;&#x43E;&#x436;. &#x421;. &#x421;&#x430;&#x43C;&#x441;&#x43E;&#x43D;&#x435;&#x43D;&#x43A;&#x43E;]</subfield>
  </datafield>
  <datafield tag="210" ind1=" " ind2=" ">
    <subfield code="a">&#x421;&#x43C;&#x43E;&#x43B;&#x435;&#x43D;&#x441;&#x43A;</subfield>
    <subfield code="c">&#x420;&#x443;&#x441;&#x438;&#x447;</subfield>
    <subfield code="d">2005 (&#x43F;&#x435;&#x447;. 2004)</subfield>
    <subfield code="g">&#x413;&#x423;&#x41F; &#x421;&#x43C;&#x43E;&#x43B;. &#x43F;&#x43E;&#x43B;&#x438;&#x433;&#x440;. &#x43A;&#x43E;&#x43C;&#x431;.</subfield>
  </datafield>
  <datafield tag="215" ind1=" " ind2=" ">
    <subfield code="a">29, [2] &#x441;.</subfield>
    <subfield code="c">&#x446;&#x432;. &#x438;&#x43B;.</subfield>
    <subfield code="d">17</subfield>
  </datafield>
  <datafield tag="225" ind1="1" ind2=" ">
    <subfield code="a">&#x41A;&#x43D;&#x438;&#x436;&#x43A;&#x430;-&#x43C;&#x430;&#x43B;&#x44B;&#x448;&#x43A;&#x430;</subfield>
  </datafield>
  <datafield tag="610" ind1="0" ind2=" ">
    <subfield code="a">&#x414;&#x435;&#x442;&#x441;&#x43A;&#x430;&#x44F; &#x43B;&#x438;&#x442;&#x435;&#x440;&#x430;&#x442;&#x443;&#x440;&#x430;</subfield>
  </datafield>
  <datafield tag="686" ind1=" " ind2=" ">
    <subfield code="a">&#x428;9(2)6=&#x420;70&#x44F;44</subfield>
    <subfield code="2">rubbk</subfield>
  </datafield>
  <datafield tag="686" ind1=" " ind2=" ">
    <subfield code="a">&#x428;9(2)60=&#x420;7&#x44F;44</subfield>
  </datafield>
  <datafield tag="700" ind1=" " ind2="1">
    <subfield code="4">070</subfield>
    <subfield code="8">rus</subfield>
    <subfield code="7">ca</subfield>
    <subfield code="a">&#x41C;&#x438;&#x445;&#x430;&#x43B;&#x43A;&#x43E;&#x432;</subfield>
    <subfield code="b">&#x421;. &#x412;.</subfield>
    <subfield code="c">&#x43F;&#x438;&#x441;&#x430;&#x442;&#x435;&#x43B;&#x44C;</subfield>
    <subfield code="f">1913-2009</subfield>
    <subfield code="g">&#x421;&#x435;&#x440;&#x433;&#x435;&#x439; &#x412;&#x43B;&#x430;&#x434;&#x438;&#x43C;&#x438;&#x440;&#x43E;&#x432;&#x438;&#x447;</subfield>
    <subfield code="3">RU\NLR\AUTH\7792</subfield>
    <subfield code="9">110194</subfield>
  </datafield>
  <datafield tag="702" ind1=" " ind2="1">
    <subfield code="4">040</subfield>
    <subfield code="8">rus</subfield>
    <subfield code="7">ca</subfield>
    <subfield code="a">&#x421;&#x430;&#x43C;&#x441;&#x43E;&#x43D;&#x435;&#x43D;&#x43A;&#x43E;</subfield>
    <subfield code="b">&#x421;.</subfield>
    <subfield code="c">&#x445;&#x443;&#x434;&#x43E;&#x436;&#x43D;&#x438;&#x43A;</subfield>
    <subfield code="g">&#x421;&#x435;&#x440;&#x433;&#x435;&#x439;</subfield>
    <subfield code="3">RU\NLR\AUTH\77104919</subfield>
    <subfield code="9">87844</subfield>
  </datafield>
  <datafield tag="801" ind1=" " ind2="0">
    <subfield code="a">RU</subfield>
    <subfield code="b">RuMoRKP</subfield>
    <subfield code="c">20050131</subfield>
    <subfield code="g">rcr</subfield>
  </datafield>
  <datafield tag="801" ind1=" " ind2="1">
    <subfield code="a">RU</subfield>
    <subfield code="b">RuMoRGB</subfield>
    <subfield code="c">20050131</subfield>
  </datafield>
  <datafield tag="801" ind1=" " ind2="2">
    <subfield code="a">RU</subfield>
    <subfield code="b">NLR</subfield>
    <subfield code="c">20050504</subfield>
    <subfield code="g">PSBO</subfield>
  </datafield>
  <datafield tag="942" ind1=" " ind2=" ">
    <subfield code="c">BOOK</subfield>
  </datafield>
  <datafield tag="980" ind1=" " ind2=" ">
    <subfield code="a">NB</subfield>
  </datafield>
  <datafield tag="995" ind1=" " ind2=" ">
    <subfield code="5">2005-05-04</subfield>
    <subfield code="a">ad</subfield>
    <subfield code="b">NLR01</subfield>
    <subfield code="c">NLR01</subfield>
    <subfield code="e">RF3</subfield>
    <subfield code="f">910942</subfield>
    <subfield code="k">2005-2/2079</subfield>
    <subfield code="o">0</subfield>
    <subfield code="r">BOOK</subfield>
    <subfield code="s">200522079_</subfield>
  </datafield>
  <datafield tag="995" ind1=" " ind2=" ">
    <subfield code="5">2005-05-04</subfield>
    <subfield code="a">ad</subfield>
    <subfield code="b">NLR01</subfield>
    <subfield code="c">NLR01</subfield>
    <subfield code="e">OBM</subfield>
    <subfield code="f">910943</subfield>
    <subfield code="o">0</subfield>
    <subfield code="r">BOOK</subfield>
  </datafield>
</record>
